Rozdiely v ponímaní kvality života u zamestnaných a nezamestnaných jedincov

Guardado en:
Detalles Bibliográficos
Autor principal: Bašistová, Alena
Otros Autores: Ľapinová, Alena
Formato: Capítulo de libro
Lenguaje:eslovaco
Etiquetas: Agregar Etiqueta
Sin Etiquetas, Sea el primero en etiquetar este registro!

MARC

LEADER 00000naa$a2200000$$$4500
001 0091939
005 20240502083233.7
041 0 |a slo 
044 |a CZ 
245 1 0 |a Rozdiely v ponímaní kvality života u zamestnaných a nezamestnaných jedincov  |c Alena Bašistová, Alena Ľapinová 
100 1 |a Bašistová, Alena 
700 1 |a Ľapinová, Alena